000 00645nam a2200193 a 4500
008 120416s1978 ||||||||||||||||| || u
020 _a0521293588
050 _aHC 51 Wal
100 _aWallerstein, Immanuel
245 1 4 _aThe Capitalist world-economy: essays
260 _aCambridge:
_bCUP
_c1978
300 _axiv, 305p.
350 _a0.00
650 0 _aECONOMIC HISTORY--CONGRESSES
650 0 _aECONOMICS
650 _aWORLD ECONOMICS
650 _aSOCIAL SCIENCES--CONGRESSES
995 _D0.00
_FCBU-MAIN LIBRARY (Kitwe)
_H1
_I35.00
_M1
_UAVAILABLE
_ZAnnex Low-Usage Collection
999 _c36731
_d36731